000 00641nam a22002177a 4500
003 UA-OsUOA
001 36434
007 ta
008 20060126b un ||||| |||| 00| 0 ukr d
100 _aШтагубн Г.
090 _a82
_bШ87
942 _cSA
040 _aUA-OsUOA
_bukr
_cUA-OsUOA
_dUA-OsUOA
245 _aГенріх Гейне: самотній поет між націями та релігіями
300 _aС.3
955 _a0
041 _aukr
080 _a82
773 0 _w36433
_tЗарубіжна література
_dК.
_d2006
_g3
650 7 _a82 Література. Літературознавство
_2UDC
999 _c322670
_d322670